<?xml version="1.0" encoding="UTF-8"?>
<record
    xmlns:xsi="http://www.w3.org/2001/XMLSchema-instance"
    xsi:schemaLocation="http://www.loc.gov/MARC21/slim http://www.loc.gov/standards/marcxml/schema/MARC21slim.xsd"
    xmlns="http://www.loc.gov/MARC21/slim">

  <leader>01086nam0a2200301   4500</leader>
  <controlfield tag="001">RU\NLR\BIBL_A\012119006</controlfield>
  <controlfield tag="005">20250623211810.0</controlfield>
  <datafield tag="010" ind1=" " ind2=" ">
    <subfield code="9">500</subfield>
  </datafield>
  <datafield tag="035" ind1=" " ind2=" ">
    <subfield code="a">(NLR Aleph) 012119006</subfield>
  </datafield>
  <datafield tag="090" ind1=" " ind2=" ">
    <subfield code="a">13297864</subfield>
    <subfield code="c">13297864</subfield>
  </datafield>
  <datafield tag="100" ind1=" " ind2=" ">
    <subfield code="a">20191014d1987    |||y0rusy50      ca</subfield>
  </datafield>
  <datafield tag="101" ind1="0" ind2=" ">
    <subfield code="a">aze</subfield>
  </datafield>
  <datafield tag="102" ind1=" " ind2=" ">
    <subfield code="a">AZ</subfield>
  </datafield>
  <datafield tag="105" ind1=" " ind2=" ">
    <subfield code="a">y   z   000 y</subfield>
  </datafield>
  <datafield tag="200" ind1="1" ind2=" ">
    <subfield code="a">&#x41C;&#x43E;&#x442;&#x43E;&#x440; j&#x430;&#x43D;&#x430;&#x4B9;&#x430;&#x433;&#x43B;&#x430;&#x440;&#x44B; &#x432;&#x4D9; j&#x430;&#x493;&#x43B;&#x430;&#x440;&#x44B;&#x43D; &#x442;&#x4D9;&#x442;&#x431;&#x438;&#x433;&#x438; &#x4D9;&#x441;&#x430;&#x441;&#x43B;&#x430;&#x440;&#x44B;</subfield>
    <subfield code="e">&#x434;&#x4D9;&#x440;&#x441; &#x432;&#x4D9;&#x441;&#x430;&#x438;&#x442;&#x438;</subfield>
    <subfield code="f">&#x411;. &#x4B8;. &#x428;&#x44B;&#x445;&#x430;&#x43B;&#x438;&#x437;&#x430;&#x434;&#x4D9;, &#x41D;. &#x4D8;. &#x421;&#x4D9;&#x43B;&#x438;&#x43C;&#x43E;&#x432;&#x430;, &#x420;. &#x41C;. &#x410;&#x437;&#x4D9;&#x440;&#x438;</subfield>
  </datafield>
  <datafield tag="210" ind1=" " ind2=" ">
    <subfield code="a">&#x411;&#x430;&#x43A;&#x44B;</subfield>
    <subfield code="c">&#x41D;&#x41A;&#x418;</subfield>
    <subfield code="d">1987</subfield>
  </datafield>
  <datafield tag="215" ind1=" " ind2=" ">
    <subfield code="a">100 &#x441;.</subfield>
    <subfield code="d">20</subfield>
  </datafield>
  <datafield tag="541" ind1="1" ind2=" ">
    <subfield code="a">&#x41E;&#x441;&#x43D;&#x43E;&#x432;&#x44B; &#x43F;&#x440;&#x438;&#x43C;&#x435;&#x43D;&#x435;&#x43D;&#x438;&#x44F; &#x43C;&#x43E;&#x442;&#x43E;&#x440;&#x43D;&#x44B;&#x445; &#x442;&#x43E;&#x43F;&#x43B;&#x438;&#x432; &#x438; &#x43C;&#x430;&#x441;&#x435;&#x43B;</subfield>
    <subfield code="e">&#x443;&#x447;&#x435;&#x431;. &#x43F;&#x43E;&#x441;&#x43E;&#x431;&#x438;&#x435;</subfield>
  </datafield>
  <datafield tag="700" ind1=" " ind2="1">
    <subfield code="a">&#x428;&#x44B;&#x445;&#x430;&#x43B;&#x438;&#x437;&#x430;&#x434;&#x4D9;</subfield>
    <subfield code="b">&#x411;. &#x4B8;.</subfield>
    <subfield code="4">070</subfield>
  </datafield>
  <datafield tag="701" ind1=" " ind2="1">
    <subfield code="a">&#x421;&#x4D9;&#x43B;&#x438;&#x43C;&#x43E;&#x432;&#x430;</subfield>
    <subfield code="b">&#x41D;. &#x4D8;.</subfield>
    <subfield code="4">070</subfield>
  </datafield>
  <datafield tag="701" ind1=" " ind2="1">
    <subfield code="a">&#x410;&#x437;&#x4D9;&#x440;&#x438;</subfield>
    <subfield code="b">&#x420;. &#x41C;.</subfield>
    <subfield code="4">070</subfield>
  </datafield>
  <datafield tag="790" ind1=" " ind2="1">
    <subfield code="a">&#x428;&#x438;&#x445;&#x430;&#x43B;&#x438;&#x437;&#x430;&#x434;&#x435;</subfield>
    <subfield code="b">&#x41F;. &#x414;.</subfield>
    <subfield code="4">070</subfield>
  </datafield>
  <datafield tag="790" ind1=" " ind2="1">
    <subfield code="a">&#x421;&#x430;&#x43B;&#x438;&#x43C;&#x43E;&#x432;&#x430;</subfield>
    <subfield code="b">&#x41D;. &#x410;.</subfield>
    <subfield code="4">070</subfield>
  </datafield>
  <datafield tag="790" ind1=" " ind2="1">
    <subfield code="a">&#x410;&#x437;&#x435;&#x440;&#x438;</subfield>
    <subfield code="b">&#x420;. &#x41C;.</subfield>
    <subfield code="4">070</subfield>
  </datafield>
  <datafield tag="852" ind1=" " ind2=" ">
    <subfield code="a">NLR</subfield>
    <subfield code="b">&#x41E;&#x41D;&#x41B;</subfield>
    <subfield code="j">&#x410;&#x437;&#x435;&#x440;&#x431;./2-22610</subfield>
  </datafield>
  <datafield tag="942" ind1=" " ind2=" ">
    <subfield code="c">BOOK</subfield>
  </datafield>
  <datafield tag="980" ind1=" " ind2=" ">
    <subfield code="a">NB</subfield>
  </datafield>
  <datafield tag="995" ind1=" " ind2=" ">
    <subfield code="5">2019-10-14</subfield>
    <subfield code="b">NLR01</subfield>
    <subfield code="c">NLR01</subfield>
    <subfield code="e">ONL01</subfield>
    <subfield code="f">1-2428985</subfield>
    <subfield code="k">&#x41E;&#x41D;&#x41B; &#x410;&#x437;&#x435;&#x440;&#x431;./2-22610</subfield>
    <subfield code="o">0</subfield>
    <subfield code="r">BOOK</subfield>
    <subfield code="s">_222610</subfield>
  </datafield>
</record>
